| 000 | 01012nam a22003377a 4500 | ||
|---|---|---|---|
| 003 | CHAP | ||
| 005 | 20220817044116.0 | ||
| 008 | 060613d2005 it rn 00110 spa d | ||
| 010 | _a92391 | ||
| 011 | _a93363 | ||
| 020 | _a9250053770 | ||
| 035 | _a103935 | ||
| 040 | _cCHAP | ||
| 082 | 0 | 4 |
_a674.8 _bF3 |
| 110 | 2 | _aFAO | |
| 245 | 1 | 0 |
_aTendencias de los productos madereros : _b1961-2003 _c/por FAO |
| 260 |
_aRoma : _bFAO, _c2005. |
||
| 300 |
_a55 p. : _bgráfs. |
||
| 590 |
_aBATCH-UPD _b10 _c20130110 _lUCH01 _h0048 |
||
| 590 |
_aBATCH-UPD _b10 _c20130110 _lUCH01 _h1809 |
||
| 590 |
_aBATCH-UPD _b10 _c20130409 _lUCH01 _h2034 |
||
| 590 |
_aBATCH-UPD _b10 _c20130914 _lUCH01 _h1636 |
||
| 590 |
_aCONVERSION _b10 _c20130109 _lUCH01 _h1351 |
||
| 650 | 1 | 4 |
_aIndustria maderera. _957872 |
| 650 | 1 | 4 |
_aMadera _xRendimiento. _969626 |
| 650 | 1 | 4 |
_aProductos forestales _xEstadísticas. _992079 |
| 901 | _aBK | ||
| 905 | _aLilia | ||
| 942 | _cLIBRO | ||
| 949 |
_a674.8 F3 _bBC _cFAO _d33724000990545 _eFAO1 _h108067 _i103935 _sb |
||
| 999 |
_c92391 _d92391 |
||